000 00550nam a2200205 a 4500
001 14225
003 CO-ViMGA
008 141112s2004 ck r 000 u spa d
020 _a8474237971
040 _aCO-ViMGA
_bspa
_cCO-ViMGA
082 0 4 _a940 G873o
100 1 _aGurevich, Aaron
_920804
245 1 0 _aLos origenes del individualismo europeo
260 _aBarcelona :
_bcritica,
_c1997
300 _a232
650 1 4 _aCIVILIZACION MODERNA
_920805
650 1 4 _aEUROPA - HISTORIA
_920806
650 1 4 _aHISTORIA MODERNA
_916134
942 _2ddc
_cBK
999 _c24923
_d24923